| 000 | 00529nam a2200193Ia 4500 | ||
|---|---|---|---|
| 003 | OSt | ||
| 005 | 20240404153821.0 | ||
| 008 | 210210b1968 xxu||||| |||| 00| 0 eng d | ||
| 040 | _cAL | ||
| 041 | _aKannada | ||
| 082 | _aK894.3 SHII | ||
| 100 |
_aSHIVARAMA KARANTA. _992964 _dಶಿವರಾಮ ಕಾರಂತ |
||
| 245 |
_aInnonde dari. _b ಇನ್ನೊಂದೇ ದಾರಿ |
||
| 260 |
_aPutturu _bHarsha Prakatanalaya _c1968 |
||
| 300 | _a304 | ||
| 690 |
_aKannada Fiction _992965 |
||
| 906 | _a026728 | ||
| 942 |
_2ddc _cBK |
||
| 999 |
_c78034 _d78034 |
||